Vista normal
Vista MARC
Entrada Topical Term
Número de registros utilizados en: 1
001 - CONTROL NUMBER
- control field: 69488
003 - CONTROL NUMBER IDENTIFIER
- control field: OSt
005 - DATE AND TIME OF LATEST TRANSACTION
- control field: 20260317194616.0
008 - FIXED-LENGTH DATA ELEMENTS
- fixed length control field: 260317|| aca||aabn | a|a d
040 ## - CATALOGING SOURCE
- Original cataloging agency: OSt
- Transcribing agency: OSt
150 ## - HEADING--TOPICAL TERM
- Topical term or geographic name entry element: Sordomudos en la literatura
- Form subdivision: Novela
670 ## - SOURCE DATA FOUND
- Source citation: Work cat.: (OSt)60739: Díaz, Gloria Cecilia, 1951- , aut 46089, Óyeme con los ojos /